Normal view MARC view
  • Hunt, V. Daniel

Entry Personal Name

Number of records used in: 2

001 - CONTROL NUMBER

  • control field: 67501

003 - CONTROL NUMBER IDENTIFIER

  • control field: NUST

005 - DATE AND TIME OF LATEST TRANSACTION

  • control field: 20210628203833.0

008 - FIXED-LENGTH DATA ELEMENTS

  • fixed length control field: 210628|| aca||aabn | a|a d

040 ## - CATALOGING SOURCE

  • Original cataloging agency: NUST
  • Transcribing agency: NUST

100 ## - HEADING--PERSONAL NAME

  • Personal name: Hunt, V. Daniel

670 ## - SOURCE DATA FOUND

  • Source citation: Work cat.: (NUST): Hunt, V. Daniel, Quality management for government , a guide to federal state and local implementation, 1993
© 2023 Central Library, National University of Sciences and Technology. All Rights Reserved.